Kỷ yếu hội thảo khoa học quốc tế "Người giáo viên sáng tạo" lần thứ 3 giáo dục sáng tạo và phát triển nguồn nhân lực xuyên văn hóa Thành phố Hồ Chí Minh, 25-29 tháng 10 năm 2016

সংরক্ষণ করুন:
গ্রন্থ-পঞ্জীর বিবরন
বিন্যাস: গ্রন্থ
প্রকাশিত: Thành phố Hồ Chí minh Đại học quốc gia 2017
বিষয়গুলি:
ট্যাগগুলো: ট্যাগ যুক্ত করুন
কোনো ট্যাগ নেই, প্রথমজন হিসাবে ট্যাগ করুন!
Thư viện lưu trữ: Trung tâm Học liệu Lê Vũ Hùng, Trường Đại học Đồng Tháp
LEADER 01112pam a22003498a 4500
001 00039926
005 20171026081025.0
008 170717s2017 ||||||Viesd
020 # # |a 9786047346516  |c 350000 
041 0 # |a Vie 
082 1 4 |a 370  |b K600Y 
245 0 0 |a Kỷ yếu hội thảo khoa học quốc tế "Người giáo viên sáng tạo" lần thứ 3 giáo dục sáng tạo và phát triển nguồn nhân lực xuyên văn hóa  |b Thành phố Hồ Chí Minh, 25-29 tháng 10 năm 2016 
260 # # |a Thành phố Hồ Chí minh  |b Đại học quốc gia  |c 2017 
300 # # |a 414 tr.  |c 30 cm. 
653 # # |a Giáo dục 
653 # # |a Văn hóa 
653 # # |a Sáng tạo 
653 # # |a Phát triển 
653 # # |a Kỷ yếu 
653 # # |a Nhân lực 
852 # # |b Kho đọc  |j KD.0020928 
852 # # |j KD.0020928 
910 0 # |d 17/07/2017 
980 # # |a Trung tâm Học liệu Lê Vũ Hùng, Trường Đại học Đồng Tháp